| 000 | 01556nam a2200385Ia 4500 | ||
|---|---|---|---|
| 001 | ebr10464426 | ||
| 003 | CaPaEBR | ||
| 006 | m u | ||
| 007 | cr cn||||||||| | ||
| 008 | 101222s2011 vtu sb 001 0 eng d | ||
| 010 | _z 2010052524 | ||
| 020 | _z9780754668411 | ||
| 020 | _z9780754694908 | ||
| 040 |
_aCaPaEBR _cCaPaEBR |
||
| 035 | _a(OCoLC)726829427 | ||
| 050 | 1 | 4 |
_aQ180.55.D57 _bF57 2011eb |
| 082 | 0 | 4 |
_a509 _222 |
| 245 | 0 | 4 |
_aThe invention of discovery, 1500-1700 _h[electronic resource] / _cedited by James Dougal Fleming. |
| 260 |
_aBurlington, VT : _bAshgate, _c2011. |
||
| 300 | _aviii, 217 p. | ||
| 490 | 1 | _aLiterary and scientific cultures of early modernity | |
| 504 | _aIncludes bibliographical references and index. | ||
| 533 |
_aElectronic reproduction. _bPalo Alto, Calif. : _cebrary, _d2011. _nAvailable via World Wide Web. _nAccess may be limited to ebrary affiliated libraries. |
||
| 650 | 0 |
_aDiscoveries in science _xHistory _y16th century. |
|
| 650 | 0 |
_aInventions _xHistory _y16th century. |
|
| 650 | 0 |
_aInventions _xHistory _y17th century. |
|
| 650 | 0 |
_aKnowledge, Theory of _xHistory _y16th century. |
|
| 650 | 0 |
_aKnowledge, Theory of _xHistory _y17th century. |
|
| 650 | 0 | _aRenaissance. | |
| 655 | 7 |
_aElectronic books. _2local |
|
| 700 | 1 |
_aFleming, James Dougal, _d1968- |
|
| 710 | 2 | _aebrary, Inc. | |
| 830 | 0 | _aLiterary and scientific cultures of early modernity. | |
| 856 | 4 | 0 |
_uhttp://site.ebrary.com/lib/rucke/Doc?id=10464426 _zAn electronic book accessible through the World Wide Web; click to view |
| 999 |
_c128254 _d128254 |
||